000
00229nam a2200097Ia 4500
008
230915s9999 xx 000 0 und d
050
_a
TS 161.D 38 2001 C.3
100
_a
DATTA,A.K
245
0
_a
MATERIALS MANAGEMENT
942
_c
BK
999
_c
205819
_d
205819